| 000 | 01068cam a22002531i 4500 | ||
|---|---|---|---|
| 003 | SA-RiAUC | ||
| 005 | 20241017065329.0 | ||
| 008 | 241016s1987____ua g 00000 ara c | ||
| 040 |
_aSA-RiAUC _bara _cSA-RiAUC _erda |
||
| 050 | 4 | _bF35 1987 | |
| 082 | 0 | 4 | _a138 |
| 090 |
_a138 _bف خ ر |
||
| 100 | 1 |
_aالفخر الرازي، محمد بن عمر بن الحسن، _d544-606 هجري _eمؤلف. |
|
| 245 | 1 | 2 |
_aالفراسة دليلك إلى معرفة أخلاق الناس وطبائعهم وكأنهم كتاب مفتوح / _cفخر الدين الرازي ؛ تحقيق وتعليق مصطفي عاشور. |
| 264 | 1 |
_aالقاهرة : _bمكتبة القرآن للطبع والنشر والتوزيع، _c1987 |
|
| 300 |
_a128 صفحة ؛ _c24 سم |
||
| 336 |
_aنص _btxt _2rdacontent _3كتاب |
||
| 337 |
_aبدون وسيط _bn _2rdamedia |
||
| 338 |
_aمجلد _bnc _2rdacarrier |
||
| 650 | 7 |
_aالفراسة _2aucsh |
|
| 700 | 1 |
_aعاشور، مصطفى _eمحقق. |
|
| 942 |
_2ddc _cBOOK _n0 |
||
| 949 |
_aSA-JeALM _d241016 _umohamedma123 _n1 |
||
| 999 |
_c1437 _d1437 |
||